Southville International School and Colleges
Your cart is empty.
  • Cart
  • Lists
    Public lists Eva Luna New books Lux_list list_1
    Your lists Log in to create your own lists
  • Log in to your account
  • Your cookies
  • Search history
Southville International School and Colleges
  • Advanced search
  • Recent comments
  • Most popular
  • Libraries

Log in to your account

Log in with GOOGLE


If you do not have an external account, but do have a local account, you can still log in:

  1. Home
  2. MARC view: Where is God when it hurts? /
Normal view MARC view ISBD view

Where is God when it hurts? / (Record no. 2514)

[ view plain ]
MARC details
000 -LEADER
fixed length control field 00603nam a22002177a 4500
003 - CONTROL NUMBER IDENTIFIER
control field OSt
005 - DATE AND TIME OF LATEST TRANSACTION
control field 20140310181734.0
008 - FIXED-LENGTH DATA ELEMENTS--GENERAL INFORMATION
fixed length control field 130319t xxu||||| |||| 00| 0 eng d
020 ## - INTERNATIONAL STANDARD BOOK NUMBER
International Standard Book Number 0551022906
050 ## - LIBRARY OF CONGRESS CALL NUMBER
Classification number BT 732.7
Item number .Y21 1990
082 ## - DEWEY DECIMAL CLASSIFICATION NUMBER
Classification number TR 152.1
Item number Y15 1990
245 ## - TITLE STATEMENT
Title Where is God when it hurts? /
Statement of responsibility, etc Philip Yancey.
260 ## - PUBLICATION, DISTRIBUTION, ETC. (IMPRINT)
Place of publication, distribution, etc London :
Name of publisher, distributor, etc Harper Collins,
Date of publication, distribution, etc 1990.
300 ## - PHYSICAL DESCRIPTION
Extent 262 p. :
Dimensions 20 cm.
500 ## - GENERAL NOTE
General note Includes bibliographical reference and index.
520 ## - SUMMARY, ETC.
Summary, etc 1. Physiological Psychology
521 ## - TARGET AUDIENCE NOTE
Target audience note
541 ## - IMMEDIATE SOURCE OF ACQUISITION NOTE
-- 1
562 ## - COPY AND VERSION IDENTIFICATION NOTE
Number of copies 1
942 ## - ADDED ENTRY ELEMENTS (KOHA)
Source of classification or shelving scheme Library of Congress Classification
Koha item type
Call number prefix
Holdings
Withdrawn status Lost status Source of classification or shelving scheme Damaged status Home library Current library Shelving location Date acquired Total Checkouts Total Renewals Full call number Barcode Date last seen Date checked out Copy number Price effective from Koha item type
    Library of Congress Classification   Luxembourg Library Luxembourg Library Teachers Reference Section 03/19/2013 1 27 BT 732.7 .Y21 1990 4663 12/06/2017 06/23/2017 1 10/03/2013 Books

Where is God when it hurts? /

APA

(1990). Where is God when it hurts?. London: Harper Collins.

Chicago

1990. Where is God when it hurts?. London: Harper Collins.

Harvard

(1990). Where is God when it hurts?. London: Harper Collins.

MLA

Where is God when it hurts?. London: Harper Collins. 1990.

  • Place hold
  • Print
  • Cite
  • Add to your cart (remove)
  • Save record
    BIBTEX Dublin Core MARCXML MARC (non-Unicode/MARC-8) MARC (Unicode/UTF-8) MARC (Unicode/UTF-8, Standard) MODS (XML) RIS
  • More searches
    Search for this title in:
    Other Libraries (WorldCat) Other Databases (Google Scholar) Online Stores (Bookfinder.com) Open Library (openlibrary.org)

Exporting to Dublin Core...

SOUTHVILLE LIBRARY

Southville International School and Colleges Library

1281 Tropical Ave. Cor. Luxembourg St., BF Homes International, Las Pinas City

Tel. No. 8256374 / 252358 Loc. 117/146

Powered by Koha